| 000 | 00503nam a2200181Ia 4500 | ||
|---|---|---|---|
| 005 | 20250326141054.0 | ||
| 008 | 250326s9999 xx 000 0 und d | ||
| 037 | _aTextbook | ||
| 040 |
_aFMSL _beng _cFMSL |
||
| 041 |
_aeng _2eng |
||
| 084 |
_aX;51 P1 _qFMSL |
||
| 100 |
_aNag A _942728 |
||
| 245 | 0 |
_aMarketing successfully; Professional perspective _cNag A |
|
| 260 |
_aDelhi _bDelhi, Macmillan India Ltd _c2001 |
||
| 300 | _a330p | ||
| 942 |
_cTB _hX;51 P1 |
||
| 999 |
_c1288571 _d1288571 |
||